| 000 | 00510cam a2200181 4500 | ||
|---|---|---|---|
| 001 | D8322 | ||
| 008 | 090401t1979 xxu||||| |||| 00| 0 eng d | ||
| 035 | _a(Sirsi) u12311 | ||
| 041 | _aeng | ||
| 050 | _a333.3320212 | ||
| 100 | _aRose, J.J. | ||
| 245 | _aTables of constant rent required to compensate the grantor of a lease for the omission of deferment of a rent review pattern | ||
| 260 |
_aOxford _bTechnical Press _c1979 |
||
| 300 | _a24p. 25cm | ||
| 350 | _a1.5 | ||
| 942 | _n0 | ||
| 948 | _c04/03/1997 | ||
| 999 |
_c86973 _d86973 |
||